| 000 | 00554nam a2200157Ia 4500 | ||
|---|---|---|---|
| 008 | 220216s9999 xx 000 0 und d | ||
| 100 | _aRahman N | ||
| 245 | 0 | _aViscocity stabilization of crepe with hydrazide derivative | |
| 260 | _bProceedings : Indonesian Rubber Conference and IRRDB symposiun 2000 Indonesian Rubber Research Institute, Bogor, Indonesia, 12-14 September 2000.V.II.pp.350-354. | ||
| 650 | _aCrepe | ||
| 650 | _aTire industry | ||
| 650 | _aViscocity stabilization | ||
| 700 | _aHonggokusumo S | ||
| 700 | _aSuparto D | ||
| 942 | _cJS | ||
| 999 |
_c72193 _d72193 |
||